000067877 001__ 67877 000067877 005__ 20240207151417.0 000067877 0247_ $$2doi$$a10.15120/GR-2014-1-PNI-AP-14 000067877 037__ $$aGSI-SR2013-PNI-AP-14 000067877 041__ $$aEnglish 000067877 0881_ $$aGSI Report 2014-1 000067877 088__ $$2GSI$$aGSI Report 2014-1 000067877 1001_ $$aMurböck, T.$$b0 000067877 245__ $$aHighly charged ions at SpecTrap 000067877 260__ $$aDarmstadt$$bGSI Helmholtzzentrum für Schwerionenforschung$$c2014 000067877 29510 $$aScientific Report 2013 000067877 300__ $$a171 p. 000067877 3367_ $$2DRIVER$$abookPart 000067877 3367_ $$2BibTeX$$aINBOOK 000067877 3367_ $$07$$2EndNote$$aBook Section 000067877 3367_ $$0PUB:(DE-HGF)7$$2PUB:(DE-HGF)$$aContribution to a book$$bcontb$$mcontb$$s1411852011_21739 000067877 3367_ $$0PUB:(DE-HGF)15$$2PUB:(DE-HGF)$$aInternal Report$$mintrep 000067877 4900_ $$aGSI Report$$v2014-1$$x0171-4546 000067877 4900_ $$aGSI Scientific Report$$v2013$$x0174-0814 000067877 500__ $$aBMBF 05P12RDFA4 u. 06DA9020I 000067877 536__ $$0G:(DE-HGF)POF2-544$$a544 - In-house Research with PNI (POF2-544)$$cPOF2-544$$fPOF II$$x0 000067877 536__ $$0G:(DE-Ds200)HGF-IVF-VH-GS-201$$aHGF-IVF-VH-GS-201 - HGS-HIRe : (HGF-IVF-VH-GS-201)$$cHGF-IVF-VH-GS-201$$x1 000067877 536__ $$0G:(DE-Ds200)LandHessen-LOEWE-HIC4FAIR$$aHIC4FAIR - HIC for FAIR - Helmholtz International Center for FAIR - Data Analysis, Theory and Simulations (LandHessen-LOEWE-HIC4FAIR)$$cLandHessen-LOEWE-HIC4FAIR$$x2 000067877 7001_ $$aBirkl, G.$$b1 000067877 7001_ $$aMartin, A.$$b2 000067877 7001_ $$aVogel, M.$$b3 000067877 7001_ $$aKönig, K.$$b4 000067877 7001_ $$aNörtershäuser, W.$$b5 000067877 7001_ $$aSchmidt, S.$$b6 000067877 7001_ $$aScholl, S.$$b7 000067877 7001_ $$0P:(DE-Ds200)OR2015$$aAndelkovic, Z.$$b8$$ugsi 000067877 7001_ $$aHannen, V.$$b9 000067877 7001_ $$aVollbrecht, J.$$b10 000067877 7001_ $$aWeinheimer, C.$$b11 000067877 7001_ $$aSegal, D.$$b12 000067877 7001_ $$aThompson, R.$$b13 000067877 773__ $$a10.15120/GR-2014-1-PNI-AP-14$$y2014 000067877 8564_ $$ySR2013-PNI-AP-14 000067877 8564_ $$uhttps://repository.gsi.de/record/67877/files/PNI-AP-14.pdf$$yOpenAccess 000067877 909CO $$ooai:repository.gsi.de:67877$$pdnbdelivery$$pdriver$$pVDB$$popen_access$$popenaire$$qec_fundedresources 000067877 9101_ $$0I:(DE-Ds200)20121206GSI$$6P:(DE-Ds200)OR2015$$aGSI Helmholtzzentrum für Schwerionenforschung GmbH$$b8$$kGSI 000067877 9131_ $$0G:(DE-HGF)POF2-544$$1G:(DE-HGF)POF2-540$$2G:(DE-HGF)POF2-500$$3G:(DE-HGF)POF2$$4G:(DE-HGF)POF$$aDE-HGF$$bStruktur der Materie$$lForschung mit Photonen, Neutronen, Ionen$$vIn-house Research with PNI$$x0 000067877 9141_ $$y2014 000067877 915__ $$0StatID:(DE-HGF)0510$$2StatID$$aOpenAccess 000067877 9201_ $$0I:(DE-Ds200)ATP-20051214OR020$$kATP$$lAtomphysik$$x0 000067877 9201_ $$0I:(DE-Ds200)BUD-20051214OR030$$kBUD$$lBibliothek & Dokumentation$$x1 000067877 970__ $$aGSI-SR2013-PNI-AP-14 000067877 9801_ $$aGSI Scientific Report 2013 000067877 9801_ $$aGSI Scientific Report 000067877 9801_ $$aGSI Report 2014-1 000067877 9801_ $$aGSI Report 000067877 9801_ $$aFullTexts 000067877 9801_ $$aGSIasPublisher 000067877 980__ $$acontb 000067877 980__ $$aVDB 000067877 980__ $$aintrep 000067877 980__ $$aI:(DE-Ds200)20110830OR020 000067877 980__ $$aI:(DE-Ds200)ATP-20051214OR020 000067877 980__ $$aI:(DE-Ds200)20120319OR030 000067877 980__ $$aI:(DE-Ds200)BUD-20051214OR030 000067877 980__ $$aUNRESTRICTED 000067877 980__ $$aGSI Report 000067877 980__ $$aGSI Report 2014-1 000067877 980__ $$aGSI Scientific Report 2013 000067877 980__ $$aGSI Scientific Report 000067877 980__ $$aGSIasPublisher 000067877 980__ $$aintrep 000067877 980__ $$aFullTexts